| 000 | 02163nam a2200265Ia 4500 | ||
|---|---|---|---|
| 999 |
_c56181 _d56181 |
||
| 001 | 23282 | ||
| 003 | GE_BSU | ||
| 005 | 20230630112048.0 | ||
| 008 | 181216s1965ge xx |||||||||||||| ||geo|| | ||
| 040 | _cGE_BSU | ||
| 041 | _ageo | ||
| 080 | _a94(479.22)(093უცხ.) გ-34 | ||
| 245 |
_aგეორგიკა : _b ბიზანტიელი მწერლების ცნობები საქართველოს შესახებ. ტ. 2 / _cტექსტები ქართული თარგმანითურთ გამოსცა და განმარტებები დაურთო სიმონ ყაუხჩიშვილმა. მთავ. რედ. ი. აბულაძე., ვლ. ფუთურიძე და სხვ. |
||
| 250 | _aმეორე შვსებ. გამოცემა. | ||
| 264 |
_aთბილისი : _bმეცნიერება, _c1965. |
||
| 300 |
_a334 გვ.: _b22 სმ. |
||
| 440 |
_aუცხოური წყაროები საქართველოს შესახებ _918580 |
||
| 501 | _aსაკუთარ სახელთა საძიებელი.გვ. 300-328 - საგანთა საძიებელი. გვ. 329-332 | ||
| 653 | _aგეორგიკა : ბიზანტიელი მწერლების ცნობები საქართველოს შესახებ. ტ. 2 | ||
| 653 | _aსაქართველოს ისტორიის ბიზანტიური წყაროები | ||
| 700 |
_aყაუხჩიშვილი, სიმონ _eმთარგმნელი _91490 |
||
| 700 |
_aაბულაძე, ი _eთავარი რედაქტორი და სხვ _919098 |
||
| 710 |
_a საქ. სსრ მეცნ. აკადემია, საქ. შესახებ არსებული უცხოური წყაროების კომისია, ივ. ჯავახიშვილის სახ. ისტორიის ინ-ტი. _919099 |
||
| 942 |
_cBK _2udc |
||